| 000 | 00874nam a2200229 a 4500 | ||
|---|---|---|---|
| 999 |
_c10803 _d10803 |
||
| 001 | 10803 | ||
| 003 | BD-JhCC | ||
| 005 | 20190407124039.0 | ||
| 008 | 190407s 2001bg |||| |||| 000 0 ben d | ||
| 020 | _a9841105026 | ||
| 035 | _a(BD-JhCC)10803 | ||
| 040 |
_aBD-JhCC _dBD-JhCC |
||
| 041 | _aBen | ||
| 082 |
_a025.52082 _bALI 2001 |
||
| 100 | _aআলী, মোহাম্মদ সা’দাত | ||
| 245 |
_aআধুনিক রেফারেন্স ও ইনফরমেশন সার্ভিসেস / _cমোহাম্মদ সা’দাত আলী |
||
| 260 |
_aঢাকা : _bআহমদ পাবলিশিং হাউজ, _c২০০১ |
||
| 300 |
_a২০৮ পৃ. : _c১৯ সেমি. |
||
| 504 | _aগ্রন্থাপঞ্জি সংযোজিত | ||
| 650 | _aReference services (Libraries) | ||
| 942 |
_2ddc _cBK |
||